On the interpretation and use of the Bible : (Record no. 1041)

MARC details
000 -LEADER
fixed length control field 00989cam a2200313 a 4500
001 - CONTROL NUMBER
control field 93335
003 - CONTROL NUMBER IDENTIFIER
control field GBCCL
005 - DATE AND TIME OF LATEST TRANSACTION
control field 20241126110352.0
008 - FIXED-LENGTH DATA ELEMENTS--GENERAL INFORMATION
fixed length control field 991012s1999 stk b 000 0 eng
010 ## -
-- 99052505
015 ## -
-- GBA0-13981
020 ## - INTERNATIONAL STANDARD BOOK NUMBER
International Standard Book Number 0707307759 (Scottish Academic Press)
020 ## - INTERNATIONAL STANDARD BOOK NUMBER
International Standard Book Number 0802847196 (Eerdmans)
035 ## - SYSTEM CONTROL NUMBER
System control number (OCoLC)ocm42692101
040 ## - CATALOGING SOURCE
Original cataloging agency DLC
Transcribing agency DLC
Modifying agency IMC
-- C#P
-- UKM
042 ## -
-- pcc
049 ## -
-- LBBK
050 00 -
-- BS476
-- .W33 1999
082 00 - DEWEY DECIMAL CLASSIFICATION NUMBER
Classification number 220.601
Edition information 21
Item number WAL
090 ## - LOCALLY ASSIGNED LC-TYPE CALL NUMBER (OCLC); LOCAL CALL NUMBER (RLIN)
Classification number (OCLC) (R) ; Classification number, CALL (RLIN) (NR) BS476
Local cutter number (OCLC) ; Book number/undivided call number, CALL (RLIN) .W33 1999
100 1# - MAIN ENTRY--PERSONAL NAME
Personal name Wallace, Ronald S.
9 (RLIN) 1805
245 10 - TITLE STATEMENT
Title On the interpretation and use of the Bible :
Remainder of title with reflections on experience /
Statement of responsibility, etc. Ronald S. Wallace.
260 ## - PUBLICATION, DISTRIBUTION, ETC.
Place of publication, distribution, etc. Edinburgh :
Name of publisher, distributor, etc. Scottish Academic Press ;
Place of publication, distribution, etc. Grand Rapids, Mich. :
Name of publisher, distributor, etc. W.B. Eerdmans Pub.,
Date of publication, distribution, etc. c1999.
300 ## - PHYSICAL DESCRIPTION
Extent x, 137 p. ;
Dimensions 23 cm.
504 ## - BIBLIOGRAPHY, ETC. NOTE
Bibliography, etc. note Includes bibliographical references.
630 00 - SUBJECT ADDED ENTRY--UNIFORM TITLE
Uniform title Bible
General subdivision Hermeneutics.
9 (RLIN) 1790
630 00 - SUBJECT ADDED ENTRY--UNIFORM TITLE
Uniform title Bible
General subdivision Use.
9 (RLIN) 1787
942 ## - ADDED ENTRY ELEMENTS (KOHA)
Source of classification or shelving scheme Dewey Decimal Classification
Koha item type Books
Koha issues (borrowed), all copies 9
Holdings
Withdrawn status Lost status Source of classification or shelving scheme Damaged status Not for loan Home library Current Library Shelving location Date acquired Total checkouts Full call number Barcode Date last seen Date last checked out Copy number Price effective from Koha item type
    Dewey Decimal Classification     GRACE BIBLE COLLEGE GRACE BIBLE COLLEGE Biblical Studies 2017-04-10 3 220.601 WAL 006426 2026-03-02 2026-02-23 c.1 2017-04-10 Books
    Dewey Decimal Classification     GRACE BIBLE COLLEGE GRACE BIBLE COLLEGE Biblical Studies 2017-04-10 9 220.601 WAL 006887 2026-03-02 2026-02-23 c.2 2017-04-10 Books
© Grace Bible College Library 2025